| 000 | 00345nam a22001457a 4500 | ||
|---|---|---|---|
| 003 | SGT | ||
| 020 | _a9789350353585 | ||
| 082 | _a342.0954,,JAI | ||
| 100 | _aJAIN,ANSHU. | ||
| 245 | _aA TREATISE ON THE RIGHT TO INFORMATION ACT | ||
| 260 |
_aNEW DELHI _bUNIVERSAL _c2014 |
||
| 300 | _a572 | ||
| 650 | _aRIGHT TO INFORMATION | ||
| 942 |
_2ddc _cBK _03 |
||
| 999 |
_c10344 _d10344 |
||